Statistics for US States or Capitals Starting With The Same 3 Letters

Click here to take the quiz!

General Stats

  • This quiz has been taken 90 times
  • The average score is 18 of 28

Answer Stats

State/Capital% Correct
New Mexico
89%
North Dakota
87%
New Jersey
86%
New York
86%
North Carolina
84%
South Carolina
83%
South Dakota
83%
New Hampshire
81%
Alabama
74%
Alaska
74%
Indiana
74%
Indianapolis
74%
Mississippi
73%
Missouri
71%
Oklahoma
66%
Oklahoma City
66%
Colorado
63%
Columbus
63%
Columbia
61%
Montana
57%
Montpelier
49%
Connecticut
47%
Concord
44%
Salem
43%
Montgomery
37%
Harrisburg
36%
Hartford
36%
Salt Lake City
34%

Score Distribution

Percentile by Number Answered

Percent of People with Each Score

Your Score History

You have not taken this quiz